ბათუმის შოთა რუსთაველის სახელმწიფო უნივერსიტეტის ბიბლიოთეკა

ჩანაწერი Personal Name

ჩანაწერთა რაოდენობა, რომელიც გამოყენებულია: 1

001 - CONTROL NUMBER

  • control field: 14226

003 - CONTROL NUMBER IDENTIFIER

  • control field: GE_BSU

005 - DATE AND TIME OF LATEST TRANSACTION

  • control field: 20220624114617.0

008 - FIXED-LENGTH DATA ELEMENTS

  • fixed length control field: 220624|| aca||aabn | a|a d

040 ## - CATALOGING SOURCE

  • Original cataloging agency: GE_BSU
  • Transcribing agency: GE_BSU

100 ## - HEADING--PERSONAL NAME

  • Personal name: ბაგრატიონი, გიორგი
  • Relator term: ყდის დიზაინერი

670 ## - SOURCE DATA FOUND

  • Source citation: Work cat.: (GE_BSU): ბენიამინი, ვალტერ 12209, თეოლოგიურ-პოლიტიკური ფრაგმენტი = Theological-Political Fragment / ვალტერ ბენიამინი. განაზრებანი ვალტერ ბენიამინის პოლიტიკურ თეოლოგიაზე = Reflections on Walter Benjamin's Political Theologhy /